| 000 | 00915nam a22002297a 4500 | ||
|---|---|---|---|
| 999 |
_c9664 _d9664 |
||
| 003 | AR-CdUCM | ||
| 008 | 190328b ||||| |||| 00| 0 spa d | ||
| 040 |
_aMUNICIPALIDAD PROVINCIAL DEL CUSCO _cBIBLIOTECA MUNICIPAL DEL CUSCO |
||
| 041 | _heng | ||
| 082 |
_23ed. _a374.11 / _bK54 / 1946 |
||
| 100 |
_aKilpatrick, William H. _926018 |
||
| 245 | _aLa función social, cultural y docente en la escuela / | ||
| 260 |
_aBuenos Aires : _bLosada, _c1946. |
||
| 300 |
_a112 páginas ; _c19 cm. |
||
| 505 | _aContenido: La cultura y su lugar en la vida y en la educación -- La función social de la escuela -- Vivir y aprender. Una concepción nueva y vieja del proceso de aprender ... | ||
| 650 |
_aEducación y cultura _99103 |
||
| 650 |
_aFilosofía y educación _926019 |
||
| 650 |
_aSociología de la educación _910577 |
||
| 700 |
_aLuzuriaga, Carlos (traducción) _926020 |
||
| 942 |
_2ddc _cLIBROS |
||
| 945 | _aacv | ||